Norweskie okręgi - Statystyki

Ogólne statystyki
  • Ten quiz został rozwiązany 35 razy
  • Średni wynik to 5 z 15
Statystyki odpowiedzi
Okręgi % Poprawnych
Oslo
92%
Finnmark
42%
Troms
42%
Agder
33%
Nordland
33%
Vestland
33%
Akershus
25%
Buskerud
25%
Østfold
25%
Rogaland
25%
Trøndelag
25%
Innlandet
17%
Møre og Romsdal
17%
Telemark
17%
Vestfold
17%
Nie znaleziono quizów pasujących do podanych kryteriów
Rozkład punktacji
Procent ludzi z każdym wynikiem
Percentyl według liczby udzielonych odpowiedzi
Twoja historia wyników
Nie rozwiązałeś tego quizu